Ergebnisdiagramm der Fußball-Weltmeisterschaft 2006 - Statistiken

Allgemein
  • Dieses Quiz wurde 2.655 mal gespielt
  • Das Durchschnittsergebnis liegt bei 22 aus 32
Antworten auf der Karte
Die Antworten werden auf der Karte rot bzw. grün angezeigt, abhängig davon wie oft sie richtig erraten wurden.
 
Antwortstatistiken
Nation % Korrekt
Deutschland
100%
Italien
98%
Frankreich
97%
Argentinien
95%
Brasilien
94%
Portugal
92%
Spanien
90%
England
84%
USA
82%
Niederlande
81%
Polen
81%
Japan
80%
Schweden
79%
Australien
76%
Costa Rica
75%
Schweiz
75%
Südkorea
75%
Mexiko
74%
Ghana
70%
Ecuador
62%
Kroatien
56%
Serbien und Montenegro
56%
Ukraine
55%
Elfenbeinküste
53%
Paraguay
48%
Tschechien
48%
Iran
47%
Saudi-Arabien
46%
Trinidad und Tobago
44%
Tunesien
39%
Togo
38%
Angola
32%
Keine übereinstimmenden Quizze gefunden
Verteilung der Resultate
Anzahl Personen mit jedem Resultat
Perzentil nach korrekt beantworteten Fragen
Ihre Resultats-Entwicklung
Sie haben dieses Quiz noch nicht gespielt